राहें टटोलते पाँव / (Record no. 117536)

MARC details
000 -LEADER
fixed length control field 01095nam a22002777a 4500
003 - CONTROL NUMBER IDENTIFIER
control field dpl
005 - DATE AND TIME OF LATEST TRANSACTION
control field 20180705124344.0
008 - FIXED-LENGTH DATA ELEMENTS--GENERAL INFORMATION
fixed length control field 180705b xxu||||| |||| 00| 0 eng d
010 ## - LIBRARY OF CONGRESS CONTROL NUMBER
LC control number B-003073
020 ## - INTERNATIONAL STANDARD BOOK NUMBER
Terms of availability 300.00
035 ## - SYSTEM CONTROL NUMBER
System control number B-003073, B-003085
037 ## - SOURCE OF ACQUISITION
Source of stock number/acquisition Cen Lib/Ret
040 ## - CATALOGING SOURCE
Original cataloging agency DPL
Language of cataloging HN
Transcribing agency 0
082 ## - DEWEY DECIMAL CLASSIFICATION NUMBER
Classification number
Item number सिंहल
100 ## - MAIN ENTRY--PERSONAL NAME
Personal name सिंहल, ईश्वर शरण
9 (RLIN) 7767
245 ## - TITLE STATEMENT
Title राहें टटोलते पाँव /
Statement of responsibility, etc ईश्वर शरण सिंहल
246 ## - VARYING FORM OF TITLE
Title proper/short title Raahen tatolte panv /
Remainder of title by Ishwar Sharan SInhal
260 ## - PUBLICATION, DISTRIBUTION, ETC. (IMPRINT)
Place of publication, distribution, etc दिल्ली
Name of publisher, distributor, etc सारथी क्म्युनिकेशन
Date of publication, distribution, etc 1993
270 ## - ADDRESS
Address 1/5786, बलवीर नगर चौक
City दिल्ली
Postal code 110032
300 ## - PHYSICAL DESCRIPTION
Extent 266पृ.
Dimensions 19सेमी (सजिल्द)
650 ## - SUBJECT ADDED ENTRY--TOPICAL TERM
Topical term or geographic name as entry element साहित्य--उपन्यास
9 (RLIN) 75232
650 ## - SUBJECT ADDED ENTRY--TOPICAL TERM
Topical term or geographic name as entry element हिन्दी -- उपन्यास
9 (RLIN) 75233
650 ## - SUBJECT ADDED ENTRY--TOPICAL TERM
Topical term or geographic name as entry element Literature--Fiction
9 (RLIN) 75234
650 ## - SUBJECT ADDED ENTRY--TOPICAL TERM
Topical term or geographic name as entry element Hindi -- Fiction
9 (RLIN) 27248
942 ## - ADDED ENTRY ELEMENTS (KOHA)
Source of classification or shelving scheme Dewey Decimal Classification
Koha item type Hindi Books
Classification part
Call number suffix सिंहल
Holdings
Withdrawn status Lost status Damaged status Not for loan Home library Current library Date acquired Source of acquisition Cost, normal purchase price Total Checkouts Full call number Barcode Date last seen Date checked out Copy number Cost, replacement price Price effective from Koha item type Source of classification or shelving scheme Collection code
        Central Library Central Library 07/09/2015 Cen Lib/Ref 300.00 3 उ सिंहल B-003073 20/07/2017 19/07/2017 1 300.00 07/09/2015 Hindi Books    
        Shahdara Branch Shahdara Branch 05/07/2018 BPPD/PUB 300.00   उ सिंहल B-003085 05/07/2018     300.00 05/07/2018 Hindi Books Dewey Decimal Classification Fiction

© Delhi Public Library
Hit Counter
free hit counter